| 000 | 01134nab a2200205 i 4500 | ||
|---|---|---|---|
| 001 | 768714001 | ||
| 003 | 768714001 | ||
| 005 | 20240426091254.0 | ||
| 008 | 240425t1981 us ||||| |||| 00| 0 eng d | ||
| 040 |
_bspa _cCO-MdFUSB _dCO-MdFUSB |
||
| 041 | _aeng | ||
| 100 |
_aStrait, C. Neil _eautor |
||
| 245 |
_aA budget primer for young pastors _c/ C. Neil Strait |
||
| 300 |
_aVolumen 2, número 2 (spring, 1981), páginas: 57 - 62 _c; 27 cm |
||
| 520 | _aManual básico de presupuesto para pastores jóvenes. Los problemas financieros de la iglesia afectan a los pastores jóvenes. Quizás no hayan sido capacitados adecuadamente para las complejidades de la preparación del presupuesto; tal vez temen quedar atrapados en las sutilezas de los libros mayores y las cuentas bancarias. Los axiomas fundamentales de las finanzas de la iglesia pueden allanar el camino hacia la estabilidad fiscal. | ||
| 546 | _aTexto en inglés. | ||
| 650 | 0 |
_aFinanzas de la Iglesia _91119 |
|
| 773 | 0 |
_068780 _982548 _oR2482 _tLeadership : _w(CO-MdFUSB)768714001 _gVolumen 2, número 2 (spring, 1981), páginas: 57 - 62 _qpágina: 57 |
|
| 942 | _cANA | ||
| 999 |
_c69383 _d69383 |
||